000 01318nam a22002297a 4500
999 _c22228
_d22228
003 AR-CdUCM
008 190425b ||||| |||| 00| 0 spa d
040 _aMUNICIPALIDAD PROVINCIAL DEL CUSCO
_cBIBLIOTECA MUNICIPAL DEL CUSCO
082 _aXullaka/N°2/1956
245 _aXullaka :
_bórgano bimestral de la Asociación Cultural Xullaka /
_cAsociación Cultural Xullaka, Enrique Miranda C. Director
260 _aJuliaca.
_aCusco.
_bH.G. Rozas,
_c1956.
300 _a20 páginas. :
_bilustraciones ;
_c28 cm.
440 _aXullaka.
_nAño I, N°2, 25 de diciembre 1956.
_947688
505 _aContenido: Un año y más y que. -- Navidad origen del primer nacimiento. -- Es aguda la hambruna en el altiplano. -- El rezandero. -- Por navidad. -- Tarapacá. -- La conquista de los hatun ccollas. -- Amigos del arte. -- Para el aborigen. -- Aspectos del dramático problema indígena. -- Acerca del ultimo concurso folclórico musical. -- Las pinturas rupestres de las cuevas de Pizacoma. -- Nacimiento campesino. -- Correspondencia buzón. -- Quienes serán concejales. -- Noticiario.
650 _aHistoria Juliaca
_947684
650 _aFolklore
_947685
650 _aRevista Juliaca
_947686
700 _aChambizea, Julio Alex
_947689
700 _aBustamante Luza, Carlos
_947687
942 _2ddc
_cPP
945 _arac